000 01076nas a2200361 4500
001 BR0604409
003 BR-BrBNA
005 20231205110407.0
007 ta
008 230509b bl.|||p| |||| 00| 00por d
040 _aBR-BrBNA
_bpor
_cBiblioteca Nacional de Agricultura
041 _a(Pt)
072 _aL53
100 1 _aAzevêdo, D.M.M.R.
100 1 _aMartins Filho, R.
100 1 _aLôbo, R.N.B.
100 1 _aMalhado, C.H.M.
100 1 _aLôbo, R.B.
100 1 _aMoura, A. de A.A.
100 1 _aPimenta Filho, E.C.
245 1 _aDesempenho reprodutivo de vacas Nelore no Norte e Nordeste do Brasil
650 _aGADO NELORE
650 _aGADO DE CORTE
650 _aEFICIÊNCIA REPRODUTIVA
650 _aMÉTODO ESTATÍSTICO
650 _aPARÂMETRO GENÉTICO
650 _aINTERVALO DE PARTO
650 _aNORTE
650 _aNORDESTE
773 0 _tRevista Brasileira de Zootecnia (Brazil)
_xISSN 1516-3598
_g(May-Jun 2006), v. 35(3)Suplemento p. 988-996
_wBR0604409
909 _a202311
_bLúcia
_c55
_dLúcia Elande
942 _2AGRIS
_n0
_cANA
999 _c187219
_d187219